|
|
|
|
| LEADER |
00000cam a2200000 i 4500 |
| 001 |
1/7180 |
| 008 |
000620s1965 eng d |
| 035 |
|
|
|l 10062192
|
| 040 |
|
|
|a GR-MY-UA
|b gre
|e aacr
|
| 041 |
0 |
|
|a eng
|
| 082 |
0 |
|
|a 511.5
|
| 100 |
1 |
|
|a Harary, Frank.
|
| 245 |
1 |
0 |
|a Structural models :
|b an introduction to the theory of directed graphs /
|c Frank Harary, Robert Z. Norman, Dorwin Cartwright
|
| 260 |
|
|
|a New York :
|a London :
|b Wiley,
|c 1965
|
| 300 |
|
|
|a ix, 415 p.
|b fig., tables
|
| 504 |
|
|
|a Includes bibliography: p. 392-395, index: p. 411-415
|
| 650 |
0 |
0 |
|a Social sciences
|x Mathematical models.
|
| 650 |
0 |
0 |
|a Directed graphs.
|
| 700 |
1 |
|
|a Cartwright, Dorwin.
|
| 700 |
1 |
|
|a Norman, Robert Zane,
|d 1924-
|
| 852 |
|
|
|a INST
|b LESVOS
|e 20000620
|h 511.5 HAR
|p 005100020931
|q 005100020931
|t BK
|y 0
|
| 909 |
|
|
|a Λ
|b 072906
|
| 970 |
|
|
|z 2000/06/ΟΙΚΟΝΟΜΟΠΟΥΛΟΥ ΧΡΙΣΤΙΝΑ
|